DISEÑO Y PLANIFICACIÓN DE SISTEMA DE ABASTECIMIENTO DE AGUA ALDEA RIBACÓ, EDIFICIO ESCOLAR DE EDUCACIÓN PRIMARIA ALDEA LA PAZ CHEJEL Y PLAN DE REFORESTACIÓN Y MEJORAMIENTO DE MEDIO AMBIENTE BARRIO SAN ANTONIO, PURULHÁ, BAJA VERAPAZ, CUNOR-EPSUM./ (Registro nro. 2083)
[ vista simple ]
| 000 -LEADER | |
|---|---|
| campo de control de longitud fija | 03704nam a22003257a 4500 |
| 001 - NÚMERO DE CONTROL | |
| campo de control | TIC 0018 |
| 003 - IDENTIFICADOR DE NÚMERO DE CONTROL | |
| campo de control | gtcocun |
| 005 - FECHA Y HORA DE LA ÚLTIMA TRANSACCIÓN | |
| campo de control | 20250923170546.0 |
| 006 - CÓDIGOS DE INFORMACIÓN DE LONGITUD FIJA--CARACTERÍSTICAS DEL MATERIAL ADICIONAL | |
| campo de control de longitud fija | a||||gr|||| 00| 0 |
| 007 - CAMPO FIJO DE DESCRIPCIÓN FÍSICA--INFORMACIÓN GENERAL | |
| campo de control de longitud fija | ta |
| 008 - DATOS DE LONGITUD FIJA--INFORMACIÓN GENERAL | |
| campo de control de longitud fija | 250923b2022 gt ||||| m||| 00| 0 eng d |
| 040 ## - FUENTE DE CATALOGACIÓN | |
| Centro catalogador/agencia de origen | gtcocun |
| Lengua de catalogación | SPA |
| Centro/agencia transcriptor | gtcocun |
| Normas de descripción | RDA |
| 041 ## - CÓDIGO DE IDIOMA | |
| Código de lengua del texto/banda sonora o título independiente | SPA TIC 0018 |
| 084 ## - OTRO NÚMERO DE CLASIFICACIÓN | |
| Número de control del registro de autoridad o número normalizado | TIC 0018 |
| 100 ## - ENTRADA PRINCIPAL--NOMBRE DE PERSONA | |
| Nombre de persona | Yaxcal Riveiro, Milton Dany |
| Término indicativo de función/relación | Autor |
| 245 ## - MENCIÓN DEL TÍTULO | |
| Título | DISEÑO Y PLANIFICACIÓN DE SISTEMA DE ABASTECIMIENTO DE AGUA ALDEA RIBACÓ, EDIFICIO ESCOLAR DE EDUCACIÓN PRIMARIA ALDEA LA PAZ CHEJEL Y PLAN DE REFORESTACIÓN Y MEJORAMIENTO DE MEDIO AMBIENTE BARRIO SAN ANTONIO, PURULHÁ, BAJA VERAPAZ, CUNOR-EPSUM./ |
| Mención de responsabilidad, etc. | Milton Dany Yaxcal Riveiro. |
| Medio | Impreso |
| 264 ## - PRODUCCIÓN, PUBLICACIÓN, DISTRIBUCIÓN, FABRICACIÓN Y COPYRIGHT | |
| Producción, publicación, distribución, fabricación y copyright | Cobán, Alta Verapaz: |
| Nombre del de productor, editor, distribuidor, fabricante | Universidad de San Carlos de Guatemala, Centro Universitario del Norte, Ingeniería Civil |
| Fecha de producción, publicación, distribución, fabricación o copyright | 2022 |
| 300 ## - DESCRIPCIÓN FÍSICA | |
| Extensión | 263 p.: |
| Otras características físicas | Ilustraciones, gráficas. |
| Dimensiones | 28 cm; |
| 336 ## - TIPO DE CONTENIDO | |
| Fuente | rdacontenido |
| Término de tipo de contenido | Texto |
| Código de tipo de contenido | txt |
| 337 ## - TIPO DE MEDIO | |
| Fuente | rdamedio |
| Nombre/término del tipo de medio | Computadora |
| Código del tipo de medio | n |
| 338 ## - TIPO DE SOPORTE | |
| Fuente | rdasoporte |
| Nombre/término del tipo de soporte | Código en línea |
| Código del tipo de soporte | cr |
| 502 ## - NOTA DE TESIS | |
| identificador de la tesis | TIC 0018 |
| 502 ## - NOTA DE TESIS | |
| Nota de tesis | Tesis de grado |
| Tipo de título | Ingeniería Civil, |
| Nombre de la institución que otorga el título | Universidad de San Carlos de Guatemala, Centro Universitario del Norte, Ingeniería Civil |
| Año de obtención del título | 2022 |
| Identificador de la tesis | TIC 0018 |
| 520 14 - RESUMEN, ETC. | |
| Sumario, etc. | El Ejercicio Profesional Supervisado se realizó en la municipalidad de Puruhá Baja<br/>Verapaz, en donde se elaboraron dos propuestas de proyectos con aportación técnica para dar solución a las necesidades de la población y así impulsar el desarrollo de más comunidades. El trabajo se desarrolló durante ocho meses y se dividió en las fases de diagnóstico, plan de trabajo, ejecución de actividades e informes mensuales. Este proceso estuvo guiado bajo las normas del Centro Universitario del Norte y el Programa de<br/>Ejercicio Profesional Supervisado Multidisciplinario.<br/><br/>Durante la fase de investigación se determinaron las prioridades del municipio, a través de un diagnóstico que permitió identificar las necesidades sentidas y así se priorizaron los<br/>problemas más relevantes, para los cuales se plantearon algunas propuestas de solución. De esta manera se consideró trabajar en la realización de un proyecto que consistió en diseñar un sistema de abastecimiento de agua para la aldea Ribacó y el diseño de una escuela de<br/>educación primaria para la aldea la Paz Chejel en el municipio de Puruhá.<br/><br/>Al tener definidos los proyectos, se procedió a realizar un plan de trabajo para el desarrollo de las actividades y el cumplimiento de los procesos que lleva cada diseño de proyecto.<br/>Para cada proyecto se realizó una monografía general del municipio, presupuesto general, costos unitarios, cronograma físico, cronograma financiero, especificaciones técnicas,<br/>planos de construcción en tamaño A1 y apéndices en los cuales se pueden encontrar libretas topográficas, estudios de suelo, de agua y fotografías, entre otras.<br/><br/>Además de los diseños, también se trabajó en la implementación de huertos familiares para contribuir de alguna manera con la alimentación de las familias que se involucraron en las diferentes actividades realizadas por el equipo multidisciplinario, así mismo se reforestó un área municipal en el Barrio San Antonio, donde también se impartieron talleres sobre el medio ambiente y la importancia del cuidado del suelo. |
| 650 1# - PUNTO DE ACCESO ADICIONAL DE MATERIA--TÉRMINO DE MATERIA | |
| Fuente del encabezamiento o término | LEMB |
| Término de materia o nombre geográfico como elemento de entrada | Purulhá, Baja Verapaz. |
| Subdivisión general | Ingeniería |
| -- | Investigación |
| -- | Proyecto |
| -- | Análisis |
| -- | Diseño |
| -- | Desarrollo |
| 700 ## - ENTRADA AGREGADA--NOMBRE PERSONAL | |
| Nombre de persona | Ing. Civil. Marlon Alexander Moran Castro |
| Término indicativo de función/relación | Asesor |
| 856 ## - LOCALIZACIÓN Y ACCESO ELECTRÓNICOS | |
| Identificador Uniforme de Recurso | <a href="https://drive.google.com/file/d/1Av7OnTAIM4JBhiPRjZzRZFvh8PAX5UPW/view">https://drive.google.com/file/d/1Av7OnTAIM4JBhiPRjZzRZFvh8PAX5UPW/view</a> |
| Texto de enlace | |
| Nota pública | Un ejemplar en línea. |
| 942 ## - ELEMENTOS DE ENTRADA SECUNDARIOS (KOHA) | |
| Fuente de la clasificación o esquema de estantería | Clasificación Decimal Dewey |
| Tipo de ítem Koha | TESIS |
| Parte de la signatura que identifica el ejemplar (Parte del ítem) | TIC 0018 |
| Prefijo de la signatura | Clasificación |
| Suprimir en OPAC | No |
| -- | TIC_0018_000000000000000 |
| Estatus retirado | Estado de pérdida | Fuente de la clasificación o esquema de estantería | Estado de daño | No para préstamo | Colección | Biblioteca de origen | Biblioteca actual | Ubicación en estantería | Fecha de adquisición | Número de inventario | Total de préstamos | Signatura topográfica completa | Código de barras | Visto por última vez | Precio de reemplazo | Tipo de ítem Koha |
|---|---|---|---|---|---|---|---|---|---|---|---|---|---|---|---|---|
| Clasificación Decimal Dewey | tesis | BIBLIOTECA- CUNOR -JOSÉ LUIS GONZALES ROSALES | BIBLIOTECA- CUNOR -JOSÉ LUIS GONZALES ROSALES | Colección tesis | 16/09/2025 | TIC 0018 | TIC 0018 | TIC 0018 | 16/09/2025 | 16/09/2025 | TESIS |